LEADER 01955oas 22007213a 450 001 9910145823403321 005 20251105213014.0 011 $a1937-7452 035 $a(OCoLC)163567092 035 $a(CONSER) 2008213631 035 $a(CKB)991042754185050 035 $a(EXLCZ)99991042754185050 100 $a20070808a19999999 sy a 101 0 $aeng 135 $aurun||||||||| 181 $ctxt$2rdacontent 182 $cc$2rdamedia 183 $acr$2rdacarrier 200 10$aBilling alert for long-term care 210 $aMarblehead, MA $cOpus Communications 311 08$a1527-0246 606 $aLong-term care facilities$xFinance$vPeriodicals 606 $aClinical Coding$xmethods 606 $aInsurance Claim Reporting 606 $aSkilled Nursing Facilities 606 $aE?tablissements de soins de longue dure?e$xFinances$vPe?riodiques 606 $aLong-term care facilities$xFinance$2fast$3(OCoLC)fst01002300 608 $aPeriodicals.$2fast 615 0$aLong-term care facilities$xFinance 615 12$aClinical Coding$xmethods. 615 22$aInsurance Claim Reporting. 615 22$aSkilled Nursing Facilities. 615 6$aE?tablissements de soins de longue dure?e$xFinances 615 7$aLong-term care facilities$xFinance. 676 $a362 712 02$aOpus Communications 712 02$aHCPro (Firm) 801 0$bOCLCS 801 1$bOCLCS 801 2$bOCLCS 801 2$bNSD 801 2$bOCLCQ 801 2$bOCLCO 801 2$bOCLCQ 801 2$bZAC 801 2$bOCLCF 801 2$bNTG 801 2$bCUS 801 2$bOCL 801 2$bCASUM 801 2$bOCLCO 801 2$bOCLCA 801 2$bOCLCQ 801 2$bIOY 801 2$bOCLCL 801 2$bUEJ 801 2$bQGK 801 2$bOCLCL 801 2$bOCLCQ 906 $aJOURNAL 912 $a9910145823403321 996 $aBilling alert for long-term care$91976565 997 $aUNINA LEADER 02041oas 22008053 450 001 9910132820603321 005 20260218112619.0 035 $a(DE-599)ZDB2266059-8 035 $a(OCoLC)253890390 035 $a(CONSER) 2015203824 035 $a(CKB)110978977287440 035 $a(DE-599)2266059-8 035 $a(EXLCZ)99110978977287440 100 $a19970702a19979999 uy a 101 0 $aeng 135 $aur||||||||||| 181 $ctxt$2rdacontent 182 $cc$2rdamedia 183 $acr$2rdacarrier 200 00$aSocial thought & research 210 1$aLawrence, KS :$cUniversity of Kansas, Department of Sociology,$d[1997]- 300 $a"A continuation of the Mid-American Review of Sociology." 311 08$a1094-5830 517 1 $aSocial thought and research 517 1 $aSTAR 517 1 $aMid-American review of sociology/social thought & research 517 1 $aMARS/Social thought & research 531 0 $aSoc. thought res. 606 $aSociology$vPeriodicals 606 $aSociology$2fast$3(OCoLC)fst01123875 606 $aSociologie$vPe?riodiques 608 $aCzasopismo socjologiczne.$2dbn 608 $aPeriodicals.$2fast 615 0$aSociology 615 7$aSociology. 615 6$aSociologie 676 $a301/.05 712 02$aUniversity of Kansas.$bDepartment of Sociology. 801 0$bLGG 801 1$bLGG 801 2$bTXJ 801 2$bOCLCQ 801 2$bTXA 801 2$bOCLCA 801 2$bEYM 801 2$bOCLCA 801 2$bOCLCF 801 2$bOCLCO 801 2$bDLC 801 2$bOCLCO 801 2$bOCLCQ 801 2$bVT2 801 2$bOCLCQ 801 2$bEZC 801 2$bOCLCO 801 2$bOCLCQ 801 2$bIOY 801 2$bOCLCL 801 2$bXFH 801 2$bIL4I4 801 2$bCSU 801 2$bVLW 801 2$bUEJ 801 2$bAUD 801 2$bUAB 801 2$bFIE 906 $aJOURNAL 912 $a9910132820603321 996 $aSocial thought & research$92129019 997 $aUNINA